Medzinárodné hospodárske vzťahy praktikum
Enregistré dans:
| Auteur principal: | |
|---|---|
| Collectivité auteur: | |
| Autres auteurs: | , , , , , , |
| Format: | Livre |
| Langue: | slovaque |
| Publié: |
Bratislava
Vydavateľstvo EKONÓM
2004
|
| Sujets: | |
| Tags: |
Pas de tags, Soyez le premier à ajouter un tag!
|
MARC
| LEADER | 00000nam$a2200000$$$4500 | ||
|---|---|---|---|
| 001 | 0019856 | ||
| 005 | 20240502071410.0 | ||
| 020 | |a 80-225-1885-9 | ||
| 041 | 0 | |a slo | |
| 044 | |a SK | ||
| 245 | 1 | 0 | |a Medzinárodné hospodárske vzťahy |b praktikum |c Ľudmila Lipková a kolektív |
| 264 | 1 | |a Bratislava |b Vydavateľstvo EKONÓM |c 2004 | |
| 300 | |a 233 s. | ||
| 610 | 2 | 0 | |a vzťahy hospodárske medzinárodné |
| 610 | 2 | 0 | |a spolupráca hospodárska medzinárodná |
| 610 | 2 | 0 | |a politika zahraničnoobchodná |
| 610 | 2 | 0 | |a protekcionizmus |
| 610 | 2 | 0 | |a obchod svetový |
| 610 | 2 | 0 | |a organizácie medzinárodné |
| 610 | 2 | 0 | |a organizácie obchodné |
| 610 | 2 | 0 | |a pohyb kapitálu |
| 610 | 2 | 0 | |a pohyb síl pracovných |
| 610 | 2 | 0 | |a ekológia |
| 610 | 2 | 0 | |a globalizácia |
| 610 | 2 | 0 | |a Svetová obchodná organizácia |
| 100 | 1 | |a Lipková, Ľudmila | |
| 700 | 1 | |a Csabay, Marek | |
| 700 | 1 | |a Dudáš, Tomáš, 1976- | |
| 700 | 1 | |a Grešš, Martin, 1978- | |
| 700 | 1 | |a Naďová, Lucie | |
| 700 | 1 | |a Porubský, Juraj | |
| 700 | 1 | |a Sedlačko, Michal | |
| 700 | 1 | |a Tomková, Beáta | |
| 710 | 2 | |a Ekonomická univerzita v Bratislave. Fakulta medzinárodných vzťahov | |